000 00325nam a2200145Ia 4500
008 210210b1953 xxu||||| |||| 00| 0 eng d
041 _aeng
082 _a331/96
100 _aHARROD (Roy)
245 _aDollar
260 _aLondon
_bMacmillan & Co. Ltd.
_c1953
650 _aDollar
690 _aBanking
906 _a003998
999 _c122230
_d122230